| 000 | 00534nam a2200181 a 4500 | ||
|---|---|---|---|
| 001 | 18877 | ||
| 005 | 20180713212236.0 | ||
| 008 | 140415s1956 000 0 spa d | ||
| 041 | _aspa | ||
| 082 |
_a320.5 _bMON |
||
| 100 | 1 | _aMONTENEGRO, WALTER | |
| 245 | 1 | 0 | _aINTRODUCCION A LAS DOCTRINAS POLITICO-ECONOMICAS |
| 250 | _a4a ed. | ||
| 260 |
_a[s.l.] : _bFONDO DE CULTURA ECONOMICA, _c1956 |
||
| 300 | _a202 | ||
| 490 |
_aBREVIARIOS DEL FONDO DE CULTURA ECONOMICA _v122 |
||
| 650 | 1 | 4 |
_aCIENCIAS POLITICAS _xECONOMIA |
| 999 |
_c18877 _d18877 |
||